00585nam a22002177a 450000500170000001000130001702000220003003500130005203700160006504000120008108200150009310000170010824500830012526000410020827000350024930000230028450000190030765000200032665000180034670000030036420170124110148.0 aA-899699 c00.00a8172245572 aA-899699 bCen Lib/Ret aDPLbEN a025.2bATT aAtton, Chris aAlternative literature :cby Chris Attonba practical guide for librarians / aMumbaibJaico Publishing Housec1997 a121, M.G.Road bMumbaie400023 ax,202p. c22cm(Hb) aIncludes index aLibrary Science aUnited States